01194nam a2200313Ia 450000500170000000800410001702000180005804100080007608200180008410000300010224501310013225000180026330000250028149000340030650000400034053400470038060000620042765000290048965000260051870000310054494200120057526400330058733600270062033700330064733800280068004000350070899900150074395201220075820220317001750.0170328s2008 a g 000 0 s  a9789501239805 aspa04a150.195bL11d1 aLacan, Jacquesd1901-198110aDe un otro al otro, 1968-1969cJacques Lacan ; texto establecido por Jacques-Alain Miller ; traducción de Nora A. González a1a. edición a393 páginasc22 cm aEl Seminario de Jacques Lacan aIncluye índice de nombres propios tLe séminaire de Jacques Lacan, Livre XVI14aLacan, Jacquesd1901-1981vColecciones de escritos990262142LEMBaLenguaje y cultura142LEMBaPsicoanálisis1 aGonzález, Nora A.990264 2ddccBK aBuenos AiresbPaidósc2008 atextobtxt2rdacontent asin mediaciónbn2rdamedia avolumenbnc2rdacarrier aCO-BoRNBPbspaerdacCO-BoRNBP c8018d8018 00102ddc4070aMELAJULIbMELAJULId2025-10-24l0o150.195 L11dpJUL00125r2025-10-24 16:54:21tEj.1w2025-10-24yBK